000 00453nam a2200181Ia 4500
001 2515
005 20260306144813.0
008 260306t2010||||xx |||||||||||||| ||spa||
041 _aESP
082 _a616.8914
_bE91
100 _aEsquivel Ancona, Fayne
_eAUT
245 0 _aPsicoterapia infantil con juego, casos clínicos
260 _c2010
300 _axvi, 245 páginas :
_c23 cm.
650 _aGEN
654 _aCPS
942 _cLIB
_dJUS
_fJUS
_2ddc
_n
999 _c2515
_d2515